000 00796nam a2200277 a 4500
003 AR-BaBNM
005 20251128204311.0
008 082120s2002 ||||||||||||||000 | spa||
040 _cAR-BaBNM
100 1 _aCriado de Val, Manuel
245 0 0 _aTeoría de Castilla la Nueva
_bla dualidad castellana en la lengua, la literatura y la historia
250 _a2ª ed.
260 _aMadrid
_bGredos
_c1969
300 _a400 p.
490 0 _aBiblioteca románica hispánica. Estudios y ensayos
650 4 _aANALISIS LITERARIO
650 4 _aTEORIA LINGÜISTICA
650 4 _aLITERATURA ESPAÑOLA
650 4 _aHISTORIA LITERARIA
650 4 _aRECURSOS ESTILISTICOS
650 4 _aENSAYO
655 _aLITERATURA
800 1 _aAlonso, Dámaso
_edirector
942 _cBK
998 _cLAURA
999 _c6932
_d6932